000 00898nam a22001697a 4500
999 _c59447
_d59447
003 Ge_BSU
005 20230217122102.0
008 230217s2000 ge ||||| |||| 00| 0 geo d
041 _ageo
080 _a34(479.22)(094.1) + 347.7(479.22)(094.1) ს-21
245 _aსამაგიდო წიგნი :
_bიურისტებისათვის, ეკონომისტებისათვის, საქმიანი ადამიანებისათვის : საკანონმდებლო აქტების კრებული.
264 _aთბილისი,
_c2000.
300 _a428 გვ. ;
_b20 სმ.
653 _aსაქართველოს კანონი მეწარმეთა შესახებ
653 _aსაქართველოს სავაჭრო სამართალი
942 _2udc
_cBK